000 00575nam a2200205 a 4500
001 15173
003 CO-ViMGA
008 141112s2004 ck r 000 u spa d
020 _a9586903982
040 _aCO-ViMGA
_bspa
_cCO-ViMGA
082 0 4 _a352.20986 C656
100 1 _aRuiz Salazar, Jose Armando
_922028
245 1 0 _aCódigo Nacional de Policia
260 _aBogotá,
_cLeyer,
_c2002
300 _a511.p.
490 _aCódigos Brevis
650 1 4 _aCODIGO NACIONAL DE POLICIA - LEGISLACION - COLOMBIA
_922029
650 1 4 _aDERECHO PENAL - COLOMBIA
942 _2ddc
_cBK
999 _c25548
_d25548